• 首页
  • 本馆介绍
  • 公告通知
  • 最新文献
  • 馆藏检索
  • 电子资源
  • 读者导购
  • 参考咨询
  • 我的图书馆
  • 登录
  • 详细信息显示
  • 放入我的书架
  • 预约/预借图书
  • 作者相关作品
  • 分类相关作品
  • 丛书相关作品
  • 出版社相关作品

书目信息

  • 表格格式
  • 工作单格式
  • 卡片格式
题名:
学生品德测评纵横
    
 
作者: 胡卫 编著
分册:  
出版信息: 上海   华东师范大学出版社  1992.7
页数: 417页
开本: 20cm
丛书名:
单 册:
中图分类: G416
科图分类: 38.13
主题词: 操行评定--概论
电子资源:
ISBN: 7-5617-0845-9
000 00818nam0 2200241 45
001 1560809437
005 20150204165410.39
010    @a7-5617-0845-9@dCNY6.50
100    @a19930107d1992 em y0chiy0121 ea
101 0  @achi
102    @aCN@b310000
105    @ak z 000yy
200 10 @a学生品德测评纵横@Axue sheng pin de ce ping zong heng@f胡 卫编著@FHU WEI BIAN ZHU
210    @a上海@c华东师范大学出版社@d1992.7
215    @a417页@d20cm
330    @a本书回顾了品德测评的历史、现状和发展,分析了传统考评和现代测评的区别,探讨品德测评的对象、意义、性质、内容和原则以及品德测评的过程、步骤和方法等问题。
540 1  @a学生 品德@AXUE SHENG PIN DE
606    @a操行评定@x概论
690    @aG416@v三版
692    @a38.13
701  0 @a胡卫@AHU WEI@4编著
801  0 @aCN@bTSSF@c20150204
905    @aZUCC@dG416@eJY4
    
    学生品德测评纵横/胡 卫编著.-上海:华东师范大学出版社,1992.7
    417页;20cm
    
    
    ISBN 7-5617-0845-9:CNY6.50
    本书回顾了品德测评的历史、现状和发展,分析了传统考评和现代测评的区别,探讨品德测评的对象、意义、性质、内容和原则以及品德测评的过程、步骤和方法等问题。
●
相关链接 在E读中查询图书 在五车中查询图书 在当当中查询图书 在豆瓣中查询图书


正题名:学生品德测评纵横     索取号:G416/JY4         预约/预借

序号 登录号 条形码 馆藏地/架位号 状态 备注
1 7865578   278655787   学院路分馆/ [索取号:G416/JY4] 在馆    
唐山师范学院图书馆 欢迎您!
大连网信软件有限公司© 版权所有